[Event "DEM U14w 2015"]
[Site "Willingen GER"]
[Date "2015.05.27"]
[Round "6"]
[White "Walow, Xenia"]
[Black "Höglauer, Jenny"]
[Result "1/2-1/2"]
[Termination "normal"]
[Board "8"]
[WhiteElo "1509"]
[BlackElo "1487"]
[PlyCount "112"]
[WhiteFideId "12971839"]
[BlackFideId "12982598"]
[EventCountry "GER"]
[EventRounds "9"]
[EventType "swiss"]
[EventDate "2015.05.23"]

1. d4 Nf6 2. Nf3 b6 3. Bf4 Bb7 4. e3 e6 5. Nbd2 Be7 6. Bd3 O-O 7. c3 d6 8. Qc2
c5 9. O-O d5 10. Be5 Nbd7 11. Bg3 h6 12. Qd1 Ne4 13. Bxe4 dxe4 14. Ne5 Nxe5 15.
Bxe5 Bd6 16. Bg3 Bxg3 17. fxg3 Qg5 18. Rf4 f5 19. Qe2 cxd4 20. exd4 Rfe8 21.
Nc4 Ba6 22. b3 e5 23. dxe5 Rxe5 24. Rd1 Rc8 25. Rd7 Bxc4 26. bxc4 Rec5 27. Rxa7
Rxc4 28. Qf2 Rxc3 29. h4 Qxg3 30. Qxg3 Rxg3 31. Rxf5 Re8 32. Kh2 Rg6 33. h5 Rg5
34. Rxg5 hxg5 35. Rd7 e3 36. Rd1 Re4 37. Re1 Kf7 38. Kg3 g4 39. Rf1+ Ke6 40.
Rd1 Kf5 41. Rd5+ Re5 42. Rd1 Kg5 43. Re1 Re4 44. Rh1 b5 45. Rb1 e2 46. Re1 Kxh5
47. Kf2 Kh4 48. g3+ Kg5 49. Rxe2 Kf5 50. Rb2 Re5 51. Rb4 g6 52. Rf4+ Kg5 53.
Rb4 Kf5 54. Rf4+ Kg5 55. Rb4 Kf5 56. Rf4+ Kg5 1/2-1/2

[Event "DEM U14w 2015"]
[Site "Willingen GER"]
[Date "2015.05.27"]
[Round "6"]
[White "Voß, Henrike"]
[Black "Rosenhain, Rachela"]
[Result "0-1"]
[Termination "normal"]
[Board "9"]
[WhiteElo "1570"]
[BlackElo "1826"]
[PlyCount "118"]
[WhiteFideId "12971910"]
[BlackFideId "12957615"]
[EventCountry "GER"]
[EventRounds "9"]
[EventType "swiss"]
[EventDate "2015.05.23"]

1. e4 e5 2. Nf3 Nc6 3. c3 d5 4. Bb5 dxe4 5. Nxe5 Qd5 6. Nxc6 Qxb5 7. Nd4 Qd3 8.
Qe2 Qxe2+ 9. Nxe2 Nf6 10. O-O Bc5 11. Nf4 Bf5 12. Re1 O-O 13. b4 Bb6 14. a4 a6
15. Bb2 Rad8 16. Ra2 Ng4 17. Nh3 Rfe8 18. Bc1 Ne5 19. Nf4 e3 20. d3 exf2+ 21.
Rxf2 Bxf2+ 22. Kxf2 Nxd3+ 23. Nxd3 Bxd3 24. Rxe8+ Rxe8 25. Nd2 Re2+ 26. Kf3 Re1
27. Bb2 b5 28. a5 Kf8 29. h3 Ke7 30. c4 Re2 31. Bc3 c6 32. c5 Ke6 33. g4 Kd5
34. h4 f6 35. Kf4 Ke6 36. Kf3 f5 37. Kf4 fxg4 38. Kxg4 h6 39. Kf4 g6 40. Kg4
Bf5+ 41. Kf4 Rg2 42. Nf3 Rg4+ 43. Ke3 Kd5 44. Bd2 Be4 45. Be1 Bxf3 46. Kxf3 h5
47. Ke3 g5 48. hxg5 Rxg5 49. Kf4 Re5 50. Bc3 Re4+ 51. Kf3 h4 52. Kg2 h3+ 53.
Kh2 Re2+ 54. Kg1 h2+ 55. Kh1 Ke4 56. Bf6 Kf3 57. Bg7 Kg4 58. Bf6 Kh3 59. Bc3
Rf2 0-1

[Event "DEM U14w 2015"]
[Site "Willingen GER"]
[Date "2015.05.27"]
[Round "6"]
[White "Browning, Rebecca"]
[Black "Suhr, Saskia"]
[Result "1-0"]
[Termination "normal"]
[Board "10"]
[WhiteElo "1590"]
[BlackElo "821"]
[PlyCount "81"]
[WhiteFideId "12984027"]
[BlackFideId "16208803"]
[EventCountry "GER"]
[EventRounds "9"]
[EventType "swiss"]
[EventDate "2015.05.23"]

1. e4 e5 2. Nf3 Nc6 3. d4 exd4 4. Nxd4 Qh4 5. Nc3 Bb4 6. Qd3 Nf6 7. Nxc6 dxc6
8. e5 Ng4 9. Qd4 O-O 10. g3 Qe7 11. Be2 Nxe5 12. O-O Rd8 13. Qe3 Bf5 14. Re1
Bxc2 15. Bh5 Re8 16. Bd2 g6 17. Bf3 Rad8 18. Kh1 Nd3 19. Qxe7 Rxe7 20. Rxe7
Bxe7 21. Be3 Nxb2 22. Be2 Bb4 23. Rc1 Bd3 24. Bf3 Bc4 25. Ne4 Bxa2 26. Rc2 Ba3
27. Bg5 Rd4 28. Bh6 Bb3 29. Nf6+ Kh8 30. Re2 Rd8 31. Re4 Bd5 32. Rf4 Bxf3+ 33.
Rxf3 Bc5 34. Ne4 Bd4 35. Rxf7 a5 36. Bg5 Re8 37. f3 a4 38. Bf6+ Bxf6 39. Nxf6
Re1+ 40. Kg2 a3 41. Rxh7# 1-0

[Event "DEM U14w 2015"]
[Site "Willingen GER"]
[Date "2015.05.27"]
[Round "6"]
[White "Grey, Andrea"]
[Black "Möller, Lisa-Marie"]
[Result "1/2-1/2"]
[Termination "normal"]
[Board "11"]
[WhiteElo "1424"]
[BlackElo "1493"]
[PlyCount "120"]
[WhiteFideId "12971880"]
[BlackFideId "12959367"]
[EventCountry "GER"]
[EventRounds "9"]
[EventType "swiss"]
[EventDate "2015.05.23"]

1. e4 d5 2. exd5 Qxd5 3. Nc3 Qa5 4. Nf3 Nf6 5. Bc4 Bf5 6. O-O e6 7. d3 c6 8. a3
Be7 9. Bf4 O-O 10. h3 Nbd7 11. Qe2 Rfe8 12. Ne4 Nxe4 13. dxe4 Bg6 14. Rad1 Nf6
15. Bd3 Rad8 16. Rd2 Bh5 17. Rfd1 a6 18. c3 b5 19. Bc2 Rxd2 20. Rxd2 Rd8 21.
Rxd8+ Qxd8 22. Qd2 Qxd2 23. Nxd2 Kf8 24. f3 Ke8 25. Kf2 Kd7 26. Ke3 c5 27. b4
Bg6 28. Kd3 Nd5 29. Bg3 Bf6 30. c4 bxc4+ 31. Kxc4 Ne3+ 32. Kb3 cxb4 33. axb4
Nxc2 34. Kxc2 Kc6 35. Kb3 Kb5 36. Bd6 Bd4 37. Nb1 f5 38. exf5 Bxf5 39. Nd2 Bd3
40. h4 Bf2 41. h5 Be1 42. Ne4 Bf1 43. g3 Be2 44. Ka3 Bxf3 45. Ng5 Bg4 46. Nxh7
Bxh5 47. Ng5 Bg4 48. Nf7 g6 49. Nh8 Bf5 50. Nf7 Bc3 51. Kb3 Bd4 52. Ka3 Bc2 53.
Be5 Bxe5 54. Nxe5 a5 55. bxa5 Kxa5 56. Kb2 Be4 57. Kc3 Kb5 58. Kd4 Bb1 59. Nf3
Kc6 60. Ke5 Kd7 1/2-1/2

[Event "DEM U14w 2015"]
[Site "Willingen GER"]
[Date "2015.05.27"]
[Round "6"]
[White "Kümmel, Tina"]
[Black "Manco, Michela"]
[Result "1/2-1/2"]
[Termination "normal"]
[Board "12"]
[WhiteElo "1381"]
[BlackElo "1607"]
[PlyCount "45"]
[WhiteFideId "12979368"]
[BlackFideId "12943908"]
[EventCountry "GER"]
[EventRounds "9"]
[EventType "swiss"]
[EventDate "2015.05.23"]

1. e4 e5 2. Nf3 Nc6 3. d4 exd4 4. Nxd4 Bc5 5. Nb3 Bb6 6. Nc3 a6 7. Bd3 h6 8.
O-O Nf6 9. Re1 d6 10. Be3 Bxe3 11. Rxe3 O-O 12. Qd2 Be6 13. Rd1 Re8 14. h3 Nh7
15. Rg3 Kh8 16. Ne2 Qd7 17. Nbd4 Nxd4 18. Nxd4 Nf6 19. f4 c5 20. Nxe6 fxe6 21.
Re3 d5 22. e5 Ng8 23. c3 1/2-1/2

[Event "DEM U14w 2015"]
[Site "Willingen GER"]
[Date "2015.05.27"]
[Round "6"]
[White "Albert, Eske"]
[Black "Heil, Valerie"]
[Result "0-1"]
[Termination "normal"]
[Board "13"]
[WhiteElo "964"]
[BlackElo "1087"]
[PlyCount "102"]
[WhiteFideId "12991813"]
[BlackFideId "16208790"]
[EventCountry "GER"]
[EventRounds "9"]
[EventType "swiss"]
[EventDate "2015.05.23"]

1. e4 e5 2. Nf3 Nc6 3. Bc4 Bc5 4. c3 Nf6 5. d4 exd4 6. cxd4 Bb4+ 7. Nc3 Nxe4 8.
O-O Nxc3 9. bxc3 Be7 10. d5 Na5 11. Bd3 c6 12. c4 b6 13. Re1 O-O 14. Bb2 Bf6
15. Ne5 d6 16. Nxc6 Nxc6 17. Bxf6 Qxf6 18. dxc6 Bf5 19. Qe2 Bxd3 20. Qxd3 Rfe8
21. Re3 Qxa1+ 22. Qf1 Qxf1+ 23. Kxf1 Rxe3 24. fxe3 Rc8 25. Ke2 Rxc6 26. Kd3 a6
27. Kd4 Rc8 28. e4 b5 29. cxb5 axb5 30. g4 b4 31. Kd3 Kf8 32. h4 Ke7 33. g5 g6
34. Kd4 Rc2 35. Kd3 Rxa2 36. Kc4 Re2 37. Kxb4 Rxe4+ 38. Kc3 Rxh4 39. Kd3 d5 40.
Ke3 f5 41. gxf6+ Kxf6 42. Kd3 Re4 43. Kc3 g5 44. Kd3 g4 45. Kc3 g3 46. Kd3 g2
47. Kc3 g1=Q 48. Kd3 Rd4+ 49. Kc3 Qe3+ 50. Kc2 Rd2+ 51. Kb1 Qe1# 0-1

[Event "DEM U14w 2015"]
[Site "Willingen GER"]
[Date "2015.05.28"]
[Round "7"]
[White "Schneider, Jana"]
[Black "Sanati, Charlotte"]
[Result "1-0"]
[Termination "normal"]
[Board "1"]
[WhiteElo "2037"]
[BlackElo "1862"]
[WhiteClock "00:05:07"]
[BlackClock "00:01:01"]
[PlyCount "125"]
[WhiteFideId "12924997"]
[BlackFideId "12907707"]
[EventCountry "GER"]
[EventRounds "9"]
[EventType "swiss"]
[EventDate "2015.05.23"]

1. e4 e6 2. d4 d5 3. Nd2 Nf6 4. e5 Nfd7 5. Bd3 c5 6. c3 Nc6 7. Ne2 cxd4 8. cxd4
f6 9. exf6 Nxf6 10. Nf3 Be7 11. O-O O-O 12. Bg5 Kh8 13. Rc1 Ng4 14. Bxe7 Nxe7
15. Bb1 Qd6 16. Qd3 g6 17. Ng3 Nf5 18. h3 Nge3 19. Rfe1 Nxg3 20. Qxe3 Nf5 21.
Bxf5 Rxf5 22. Ne5 Kg8 23. Rc3 Bd7 24. Rec1 Re8 25. Qh6 Rh5 26. Qf4 Rf5 27. Qg4
Re7 28. Qg3 Qb6 29. Qh4 Rg7 30. b3 g5 31. Qg4 h6 32. Rc7 Be8 33. Rc8 Rf8 34.
Qd1 Qa5 35. a4 Qb6 36. Rb8 Rc7 37. Rc8 Rxc1 38. Rxc1 Rf4 39. Rc8 Rf8 40. Ng4
Kg7 41. Qe2 Qd6 42. Ne5 Qb4 43. Rc7+ Kg8 44. Ng4 Qd6 45. Nxh6+ Kh8 46. Rxb7 Qf4
47. Ng4 Qc1+ 48. Kh2 Qf4+ 49. g3 Qxd4 50. Qc2 Bg6 51. Qe2 Be4 52. Ne3 Bf3 53.
Qc2 Be4 54. Qe2 Bf3 55. Qe1 Be4 56. Rc7 Kg8 57. Nd1 Qb6 58. Re7 Qxb3 59. Qd2
Rf5 60. Qd4 e5 61. Qxa7 Qf3 62. Rg7+ Kh8 63. Rh7+ 1-0

[Event "DEM U14w 2015"]
[Site "Willingen GER"]
[Date "2015.05.28"]
[Round "7"]
[White "Weimert, Miriam"]
[Black "Mütsch, Annmarie"]
[Result "0-1"]
[Termination "normal"]
[Board "2"]
[WhiteElo "1561"]
[BlackElo "1868"]
[WhiteClock "00:06:08"]
[BlackClock "00:04:45"]
[PlyCount "52"]
[WhiteFideId "12966703"]
[BlackFideId "12971367"]
[EventCountry "GER"]
[EventRounds "9"]
[EventType "swiss"]
[EventDate "2015.05.23"]

1. e4 e5 2. Nf3 Nc6 3. d4 exd4 4. Bc4 Bc5 5. c3 Nf6 6. e5 d5 7. Bb5 Ne4 8. cxd4
Bb6 9. O-O O-O 10. Nc3 f5 11. Qd3 Ne7 12. b4 c6 13. Ba4 a6 14. Bb3 Kh8 15. Na4
f4 16. Ba3 Rf7 17. e6 Bxe6 18. Ne5 Rf6 19. f3 Ng5 20. h4 Nf7 21. b5 Nxe5 22.
Qd2 Nd7 23. bxa6 Rxa6 24. Rad1 Ba5 25. Qe2 Nf5 26. Bb2 Ne3 0-1

[Event "DEM U14w 2015"]
[Site "Willingen GER"]
[Date "2015.05.28"]
[Round "7"]
[White "Mönster, Madita"]
[Black "Schulze, Lara"]
[Result "0-1"]
[Termination "normal"]
[Board "3"]
[WhiteElo "1659"]
[BlackElo "1874"]
[WhiteClock "00:30:19"]
[BlackClock "01:15:53"]
[PlyCount "90"]
[WhiteFideId "12947156"]
[BlackFideId "12956830"]
[EventCountry "GER"]
[EventRounds "9"]
[EventType "swiss"]
[EventDate "2015.05.23"]

1. e4 e6 2. Nf3 d5 3. Nc3 Nf6 4. e5 Nfd7 5. d4 c5 6. dxc5 Nxc5 7. Be2 Nc6 8.
O-O a6 9. Be3 Qc7 10. Bd4 b5 11. a3 Bb7 12. Re1 Be7 13. Kh1 O-O 14. Qd2 Ne4 15.
Qe3 Nxd4 16. Nxd4 Qxe5 17. Bd3 Bg5 18. Qe2 Qxd4 19. Bxe4 dxe4 20. Rad1 Qe5 21.
Nxe4 Bxe4 22. Qxe4 Qxe4 23. Rxe4 Rfd8 24. Rde1 Rd2 25. a4 Rxc2 26. axb5 axb5
27. Re5 Bd2 28. Rb1 Rac8 29. g3 Rc1+ 30. Rxc1 Rxc1+ 31. Kg2 b4 32. Re4 g6 33.
h4 Rc2 34. b3 Rb2 35. Rd4 Bc3 36. Rd1 Rxb3 37. Rc1 Rb2 38. Kf3 Bd4 39. g4 Rxf2+
40. Kg3 b3 41. Rd1 b2 42. Rxd4 b1=Q 43. Kxf2 Qb6 44. Ke3 e5 45. Ke4 Qxd4+ 0-1

[Event "DEM U14w 2015"]
[Site "Willingen GER"]
[Date "2015.05.28"]
[Round "7"]
[White "Flach, Helene"]
[Black "Reinecke, Katharina"]
[Result "1/2-1/2"]
[Termination "normal"]
[Board "4"]
[WhiteElo "1702"]
[BlackElo "1745"]
[WhiteClock "00:59:15"]
[BlackClock "00:38:46"]
[PlyCount "40"]
[WhiteFideId "12929735"]
[BlackFideId "12929727"]
[EventCountry "GER"]
[EventRounds "9"]
[EventType "swiss"]
[EventDate "2015.05.23"]

1. e4 c6 2. d4 d5 3. Nc3 dxe4 4. Nxe4 Bf5 5. Ng3 Bg6 6. Nf3 Nd7 7. Bd3 e6 8.
O-O Ngf6 9. c4 Bd6 10. b3 O-O 11. Bb2 Qa5 12. Bxg6 hxg6 13. Qc2 b5 14. Ne5 Qc7
15. Rfe1 bxc4 16. Nxc4 Bb4 17. Bc3 Bxc3 18. Qxc3 Nd5 19. Qc2 c5 20. dxc5 Nxc5
1/2-1/2

[Event "DEM U14w 2015"]
[Site "Willingen GER"]
[Date "2015.05.28"]
[Round "7"]
[White "Nguyen, Ha Thanh"]
[Black "Köhler, Inken"]
[Result "1-0"]
[Termination "normal"]
[Board "5"]
[WhiteElo "1655"]
[BlackElo "1777"]
[WhiteClock "01:01:58"]
[BlackClock "00:18:42"]
[PlyCount "55"]
[WhiteFideId "12942154"]
[BlackFideId "12929301"]
[EventCountry "GER"]
[EventRounds "9"]
[EventType "swiss"]
[EventDate "2015.05.23"]

1. e4 c5 2. Nf3 e6 3. d4 cxd4 4. Nxd4 Nf6 5. Bd3 Nc6 6. Be3 e5 7. Nb3 d5 8.
exd5 Nxd5 9. O-O Nxe3 10. fxe3 Be6 11. N1d2 Be7 12. Qh5 Qb6 13. Rae1 O-O-O 14.
Bf5 Bxf5 15. Qxf5+ Rd7 16. Qg4 Bf6 17. Ne4 h5 18. Qh3 Kc7 19. Nxf6 gxf6 20.
Rxf6 Qb4 21. Ref1 Qc4 22. Qf5 Qe2 23. Rxc6+ Kxc6 24. Qf6+ Rd6 25. Qxh8 Qxe3+
26. Kh1 Qf2 27. Rg1 e4 28. Qe8+ 1-0

[Event "DEM U14w 2015"]
[Site "Willingen GER"]
[Date "2015.05.28"]
[Round "7"]
[White "Rosenhain, Rachela"]
[Black "Reitz, Theresa"]
[Result "1-0"]
[Termination "normal"]
[Board "6"]
[WhiteElo "1826"]
[BlackElo "1485"]
[WhiteClock "00:42:18"]
[BlackClock "00:10:29"]
[PlyCount "94"]
[WhiteFideId "12957615"]
[BlackFideId "12971901"]
[EventCountry "GER"]
[EventRounds "9"]
[EventType "swiss"]
[EventDate "2015.05.23"]

1. e4 c5 2. Nf3 e6 3. c4 Nc6 4. Be2 e5 5. Nc3 g6 6. d3 Bg7 7. Be3 d6 8. O-O
Nge7 9. Ne1 O-O 10. f4 Qc7 11. Nf3 f5 12. Nb5 Qd8 13. fxe5 Nxe5 14. Nxe5 Bxe5
15. d4 cxd4 16. Bxd4 Nc6 17. Bxe5 dxe5 18. Qxd8 Rxd8 19. exf5 Bxf5 20. Nc7 Rac8
21. Nd5 Kg7 22. Rfe1 Nd4 23. Rac1 Be6 24. Ne3 Rc7 25. Bg4 Re7 26. Bxe6 Rxe6 27.
Nd5 h5 28. Rcd1 Nc6 29. Nc7 Re7 30. Rxd8 Nxd8 31. Nd5 Re6 32. Re3 Nf7 33. Kf2
Nd6 34. b3 Nf5 35. Re1 Nd4 36. Nc3 Kf6 37. Ne4+ Kf5 38. h4 Ra6 39. Nc3 Nc2 40.
Re2 Nd4 41. Rd2 Kg4 42. g3 Rf6+ 43. Kg2 Re6 44. Nd5 Nf5 45. Rd3 Ra6 46. a4 Re6
47. Re3 a6 1-0

[Event "DEM U14w 2015"]
[Site "Willingen GER"]
[Date "2015.05.28"]
[Round "7"]
[White "Riegel, Arinna"]
[Black "Fesselier, Chelsea"]
[Result "0-1"]
[Termination "normal"]
[Board "7"]
[WhiteElo "1663"]
[BlackElo "1688"]
[PlyCount "40"]
[WhiteFideId "12931446"]
[BlackFideId "26024624"]
[EventCountry "GER"]
[EventRounds "9"]
[EventType "swiss"]
[EventDate "2015.05.23"]

1. Nf3 c5 2. g3 Nc6 3. Bg2 d5 4. d4 e6 5. O-O Nf6 6. Bf4 Qb6 7. b3 cxd4 8. Ne5
Nd7 9. Nxd7 Bxd7 10. Nd2 e5 11. Bxe5 Nxe5 12. Bxd5 Bc6 13. Bg2 Bc5 14. Re1 O-O
15. Ne4 Bb4 16. Rf1 f5 17. Ng5 Be7 18. Qd2 Bxg2 19. Kxg2 Qd8 20. Ne6 Qd5+ 0-1

[Event "DEM U14w 2015"]
[Site "Willingen GER"]
[Date "2015.05.28"]
[Round "7"]
[White "Höglauer, Jenny"]
[Black "Browning, Rebecca"]
[Result "0-1"]
[Termination "normal"]
[Board "8"]
[WhiteElo "1487"]
[BlackElo "1590"]
[PlyCount "104"]
[WhiteFideId "12982598"]
[BlackFideId "12984027"]
[EventCountry "GER"]
[EventRounds "9"]
[EventType "swiss"]
[EventDate "2015.05.23"]

1. e4 e6 2. d4 b6 3. Nf3 Bb7 4. Bd3 c5 5. c3 Be7 6. O-O d6 7. Re1 Nd7 8. Nbd2
Ngf6 9. Nf1 cxd4 10. cxd4 O-O 11. Bf4 Nh5 12. Bd2 Rc8 13. Rc1 Nhf6 14. Ng3 Rxc1
15. Qxc1 Qb8 16. Bc3 Rc8 17. Qd2 Qa8 18. h3 a5 19. a3 Ba6 20. Bxa6 Qxa6 21. Rc1
Qb7 22. Qe3 h6 23. Bd2 Bd8 24. Rxc8 Qxc8 25. Qc3 Qb7 26. Qc2 b5 27. Bf4 Bc7 28.
e5 dxe5 29. dxe5 Nd5 30. Qd2 Qc6 31. Ne2 Nxf4 32. Qxf4 Qd5 33. Qd4 Qxd4 34.
Nexd4 Nxe5 35. Nxb5 Nxf3+ 36. gxf3 Be5 37. b3 Kf8 38. Kf1 Ke8 39. Ke2 Kd7 40.
Kd3 Kc6 41. Nc3 Bd6 42. a4 Bc5 43. Ne4 Ba7 44. Ke2 Kd5 45. Nc3+ Kc5 46. Ne4+
Kb4 47. Nd2 g5 48. Ke1 Bd4 49. Ke2 f5 50. Ke1 Bc3 51. Ke2 Bxd2 52. Kxd2 Kxb3
0-1

[Event "DEM U14w 2015"]
[Site "Willingen GER"]
[Date "2015.05.28"]
[Round "7"]
[White "Walow, Xenia"]
[Black "Voß, Henrike"]
[Result "0-1"]
[Termination "normal"]
[Board "9"]
[WhiteElo "1509"]
[BlackElo "1570"]
[PlyCount "90"]
[WhiteFideId "12971839"]
[BlackFideId "12971910"]
[EventCountry "GER"]
[EventRounds "9"]
[EventType "swiss"]
[EventDate "2015.05.23"]

1. d4 f5 2. Nf3 Nf6 3. Bf4 g6 4. e3 Bg7 5. c3 O-O 6. Bd3 d6 7. O-O e6 8. Nbd2
Nc6 9. Bc4 d5 10. Bd3 Nd7 11. Qb3 Nb6 12. Qc2 h6 13. Nb3 Qe7 14. Qe2 a6 15. Ne5
Nxe5 16. Bxe5 Bxe5 17. dxe5 Nd7 18. f4 c5 19. Bc2 b6 20. Rf3 Bb7 21. Rh3 Kg7
22. Qf2 Rh8 23. Qg3 Rag8 24. Bd1 Kf8 25. Qf2 Nb8 26. Be2 Nc6 27. c4 Nd8 28.
cxd5 exd5 29. Rd1 Ne6 30. Bf3 Nc7 31. Qd2 Qe6 32. Qe2 Rg7 33. g4 Rhh7 34. gxf5
Qxf5 35. Rg3 Bc6 36. Qd2 Qf7 37. Nc1 Qe8 38. Ne2 Rd7 39. Qd3 Rhg7 40. Qb3 b5
41. Nc3 Qf7 42. Rg2 g5 43. Kf2 gxf4 44. Rxg7 fxe3+ 45. Kxe3 d4+ 0-1

[Event "DEM U14w 2015"]
[Site "Willingen GER"]
[Date "2015.05.28"]
[Round "7"]
[White "Gauchel, Verena"]
[Black "Grey, Andrea"]
[Result "1-0"]
[Termination "normal"]
[Board "10"]
[WhiteElo "1414"]
[BlackElo "1424"]
[PlyCount "177"]
[WhiteFideId "12988537"]
[BlackFideId "12971880"]
[EventCountry "GER"]
[EventRounds "9"]
[EventType "swiss"]
[EventDate "2015.05.23"]

1. d4 d5 2. Bf4 Nf6 3. e3 e6 4. Nd2 c5 5. c3 Nc6 6. Ngf3 b6 7. Bb5 Bb7 8. Ne5
Qc8 9. Qa4 Nd7 10. Bxc6 Bxc6 11. Qxc6 Qxc6 12. Nxc6 f6 13. dxc5 a5 14. cxb6
Nxb6 15. b4 axb4 16. Nxb4 Be7 17. O-O O-O 18. Rfc1 Rfc8 19. Nd3 Kf7 20. Rc2 Ra7
21. h3 e5 22. Bh2 e4 23. Nf4 Bb4 24. Rac1 Ba5 25. Nb3 Rca8 26. Rd1 Rd8 27. Rb1
Nc4 28. Nxa5 Rxa5 29. Rb7+ Kg8 30. Ne6 Rda8 31. Bg3 g6 32. Nc7 Rd8 33. Rb5 Rxb5
34. Nxb5 Kf7 35. a4 Ke7 36. Ra2 Ra8 37. Ra1 Kd7 38. Nc7 Ra5 39. Rd1 Kc6 40. Ne8
f5 41. Nc7 Nb2 42. Rd4 Nxa4 43. c4 dxc4 44. Rxc4+ Kd7 45. Rd4+ Kc8 46. Ne6 Ra7
47. Rd8+ Kb7 48. Rd7+ Kb6 49. Rxa7 Kxa7 50. Nf8 Nc5 51. Nxh7 Ne6 52. Bh4 Kb7
53. Ng5 Nf8 54. Kh2 Kc6 55. Kg3 Kd6 56. Kf4 Kd5 57. g4 fxg4 58. hxg4 Kd6 59.
Nxe4+ Kd5 60. Nf6+ Ke6 61. Kg5 Ke7 62. Nh7 Ne6+ 63. Kxg6+ Kd6 64. Ng5 Nf8+ 65.
Kf7 Nd7 66. Bg3+ Kd5 67. e4+ Kd4 68. e5 Nxe5+ 69. Bxe5+ Kxe5 70. Nh3 Ke4 71. g5
Kf5 72. g6 Kg4 73. g7 Kf3 74. g8=Q Ke4 75. Qg6+ Ke5 76. Qf6+ Kd5 77. Qe6+ Kc5
78. Qd7 Kc4 79. Qd6 Kc3 80. Qd5 Kb4 81. Qc6 Kb3 82. Qc5 Kb2 83. Qc4 Ka1 84. Qb4
Ka2 85. Ke6 Ka1 86. Kd5 Ka2 87. Kd4 Ka1 88. Kc3 Ka2 89. Qb2# 1-0

[Event "DEM U14w 2015"]
[Site "Willingen GER"]
[Date "2015.05.28"]
[Round "7"]
[White "Heil, Valerie"]
[Black "Manco, Michela"]
[Result "1/2-1/2"]
[Termination "normal"]
[Board "12"]
[WhiteElo "1087"]
[BlackElo "1607"]
[PlyCount "91"]
[WhiteFideId "16208790"]
[BlackFideId "12943908"]
[EventCountry "GER"]
[EventRounds "9"]
[EventType "swiss"]
[EventDate "2015.05.23"]

1. e4 e5 2. Nf3 Nc6 3. Bc4 Bc5 4. Nc3 Nf6 5. d3 d6 6. Bg5 h6 7. Bxf6 Qxf6 8.
Nd5 Qd8 9. O-O O-O 10. c3 Na5 11. b4 Nxc4 12. dxc4 Bb6 13. a4 c6 14. Ne3 Bxe3
15. fxe3 Qe7 16. Nd2 f5 17. exf5 Bxf5 18. e4 Be6 19. Qh5 Rf7 20. Rxf7 Bxf7 21.
Qe2 Rf8 22. Rf1 Be6 23. Rxf8+ Qxf8 24. Qf2 Qxf2+ 25. Kxf2 Kf7 26. c5 d5 27. Ke3
Ke7 28. g3 g6 29. Kd3 Bf7 30. exd5 Bxd5 31. c4 Be6 32. b5 Kd7 33. Nb3 Bf5+ 34.
Kd2 g5 35. h4 Kc7 36. a5 a6 37. bxa6 bxa6 38. Ke3 Kd7 39. Nd2 Ke6 40. hxg5 hxg5
41. Ne4 Bxe4 42. Kxe4 g4 43. Ke3 Kf5 44. Kd3 Ke6 45. Ke4 Kf6 46. Ke3 1/2-1/2

[Event "DEM U14w 2015"]
[Site "Willingen GER"]
[Date "2015.05.28"]
[Round "7"]
[White "Möller, Lisa-Marie"]
[Black "Albert, Eske"]
[Result "1-0"]
[Termination "normal"]
[Board "13"]
[WhiteElo "1493"]
[BlackElo "964"]
[PlyCount "121"]
[WhiteFideId "12959367"]
[BlackFideId "12991813"]
[EventCountry "GER"]
[EventRounds "9"]
[EventType "swiss"]
[EventDate "2015.05.23"]

1. e4 e5 2. Bc4 Bc5 3. Nf3 Nf6 4. Nxe5 d5 5. exd5 Nxd5 6. O-O O-O 7. d4 Bb6 8.
c3 Be6 9. Qf3 c6 10. Qg3 Nf6 11. Bxe6 fxe6 12. Bg5 Nbd7 13. Qh3 Qe7 14. Re1 Bd8
15. Nxd7 Qxd7 16. Qxe6+ Qxe6 17. Rxe6 h6 18. Bh4 g5 19. Bg3 Nd5 20. Nd2 Kg7 21.
Rae1 Rf7 22. Nc4 Bf6 23. Be5 Bxe5 24. dxe5 Nf4 25. Rd6 Re8 26. Kf1 Rfe7 27. g3
Ng6 28. e6 Nf8 29. Rd3 Nxe6 30. Nd6 Rb8 31. Nf5+ Kf6 32. Nxe7 Re8 33. Nxc6 bxc6
34. Rd6 c5 35. Ra6 Re7 36. a3 g4 37. b4 cxb4 38. axb4 h5 39. c4 Kf7 40. c5 Nd4
41. Rxe7+ Kxe7 42. Rxa7+ Ke6 43. Rh7 Kd5 44. Rxh5+ Kc4 45. Rh6 Kb5 46. Rb6+ Kc4
47. c6 Nxc6 48. Rxc6+ Kxb4 49. Rg6 Kc5 50. Rxg4 Kd5 51. h4 Ke5 52. h5 Kf5 53.
Rg8 Kf6 54. h6 Ke5 55. h7 Kd4 56. h8=Q+ Kd5 57. Qh4 Ke5 58. Rg5+ Kf6 59. Qh6+
Kf7 60. Rg7+ Kf8 61. Qh8# 1-0

[Event "DEM U14w 2015"]
[Site "Willingen GER"]
[Date "2015.05.29"]
[Round "8"]
[White "Schulze, Lara"]
[Black "Schneider, Jana"]
[Result "1-0"]
[Termination "normal"]
[Board "1"]
[WhiteElo "1874"]
[BlackElo "2037"]
[WhiteClock "00:23:09"]
[BlackClock "00:26:07"]
[PlyCount "103"]
[WhiteFideId "12956830"]
[BlackFideId "12924997"]
[EventCountry "GER"]
[EventRounds "9"]
[EventType "swiss"]
[EventDate "2015.05.23"]

1. e4 e5 2. Nf3 Nc6 3. Bc4 Bc5 4. c3 Nf6 5. d4 exd4 6. cxd4 Bb4+ 7. Kf1 d5 8.
exd5 Nxd5 9. Nc3 Bxc3 10. bxc3 O-O 11. Qc2 h6 12. h4 Nce7 13. Bd3 Qd6 14. h5 c5
15. Ba3 b6 16. Rd1 Qf6 17. dxc5 bxc5 18. Bxc5 Bb7 19. Bd4 Qe6 20. Rh4 Nc6 21.
Bc5 Rfd8 22. Nd4 Qf6 23. Nf5 Kh8 24. Rg4 Bc8 25. Rg3 Nf4 26. Nd6 Rxd6 27. Bxd6
Qxd6 28. Bb5 Qf6 29. Qe4 Bb7 30. Rf3 Qg5 31. Qxf4 Qxb5+ 32. Kg1 Ne5 33. Re3 Qc6
34. Qg3 f6 35. f4 Qa4 36. Rde1 Nf7 37. Re7 Bd5 38. Qg6 Rf8 39. Qf5 Bxa2 40. Qd7
Bb3 41. Rxf7 Qxd7 42. Rxd7 a5 43. Ree7 Rc8 44. Rxg7 Rxc3 45. Rh7+ Kg8 46. Rdg7+
Kf8 47. Rb7 Kg8 48. Rbg7+ Kf8 49. Ra7 Kg8 50. Rhb7 Kh8 51. Rb8+ Bg8 52. Kh2 1-0

[Event "DEM U14w 2015"]
[Site "Willingen GER"]
[Date "2015.05.29"]
[Round "8"]
[White "Mütsch, Annmarie"]
[Black "Nguyen, Ha Thanh"]
[Result "1/2-1/2"]
[Termination "normal"]
[Board "2"]
[WhiteElo "1868"]
[BlackElo "1655"]
[WhiteClock "00:00:46"]
[BlackClock "00:27:08"]
[PlyCount "107"]
[WhiteFideId "12971367"]
[BlackFideId "12942154"]
[EventCountry "GER"]
[EventRounds "9"]
[EventType "swiss"]
[EventDate "2015.05.23"]

1. e4 c5 2. Nf3 Nc6 3. d4 cxd4 4. Nxd4 g6 5. Nc3 Bg7 6. Be3 Nf6 7. Bc4 Qa5 8.
O-O O-O 9. Bb3 d6 10. h3 Bd7 11. Re1 Rac8 12. Nd5 Nxd5 13. exd5 Ne5 14. Qe2 Qc7
15. Bd2 Rfe8 16. Bc3 Nc4 17. Qf3 b5 18. a3 a5 19. Qd3 Qc5 20. Bxc4 Qxc4 21.
Qxc4 Rxc4 22. Ne2 Bxc3 23. bxc3 Kf8 24. Rab1 Rc5 25. Red1 Rec8 26. Rd4 Bf5 27.
Rb2 Bd7 28. Rb1 Rc4 29. Rbd1 Rxd4 30. Rxd4 Rc4 31. g4 Rxd4 32. Nxd4 e6 33. dxe6
fxe6 34. f3 Kf7 35. Kf2 Kf6 36. Ne2 Ke5 37. Nd4 Kd5 38. Ke3 Kc4 39. Ne2 b4 40.
cxb4 axb4 41. axb4 Kxb4 42. f4 Kc4 43. c3 Kd5 44. Ng3 h6 45. Ne4 Bb5 46. Nf6+
Kc5 47. h4 d5 48. h5 gxh5 49. Nxh5 Kd6 50. Kd4 Be8 51. Ng3 Bd7 52. c4 dxc4 53.
Kxc4 Bc6 54. Nf1 1/2-1/2